Neu Mineralölanalyse. Band 1 /

Gespeichert in:
Bibliographische Detailangaben
1. Verfasser: Kägler, Siegfried H (Verfasst von)
Format: Buch
Veröffentlicht: Heidelberg : Dr. Alfred Hüthig Verlag, 1987
Ausgabe:2.,bearbertete Auflage
Tags: Tag hinzufügen
Keine Tags, Fügen Sie das erste Tag hinzu!

MARC

LEADER 00000nam a22000003a 4500
001 stu15280
005 20150617225757.5
008 ------s1987----gw----------------------d
040 |a STU  |b slo 
041 0
044 |a gw 
100 1 |a Kägler, Siegfried H  |4 aut 
245 1 |a Neu Mineralölanalyse. Band 1 /  |c [aut.]Kägler,Siegfried H 
250 |a 2.,bearbertete Auflage 
260 |a Heidelberg :  |b Dr. Alfred Hüthig Verlag,  |c 1987 
300 |a 790 s :  |b Obr.,tab.,grafy,lit.,index 
996 |b C79821  |c C*79821  |l CCI  |s A  |a 24  |w stu15280_0001